Best policy on asbestos. (Record no. 60754)
[ view plain ]
| 000 -LEADER | |
|---|---|
| fixed length control field | 00642cam a2200181 4500 |
| 001 - CONTROL NUMBER | |
| control field | ABS61080 |
| 008 - FIXED-LENGTH DATA ELEMENTS--GENERAL INFORMATION | |
| fixed length control field | 000000n1999 000 0 eng u |
| 035 ## - SYSTEM CONTROL NUMBER | |
| System control number | (Sirsi) u101625 |
| 100 ## - MAIN ENTRY--PERSONAL NAME | |
| Personal name | Brown, A. |
| 245 ## - TITLE STATEMENT | |
| Title | Best policy on asbestos. |
| 260 ## - PUBLICATION, DISTRIBUTION, ETC. | |
| Date of publication, distribution, etc. | 1999 |
| 490 ## - SERIES STATEMENT | |
| Series statement | Facilities Management |
| Volume/sequential designation | 6(6) August 1999, 16-17(2) |
| 520 ## - SUMMARY, ETC. | |
| Summary, etc. | Considers ways the number of people dying from asbestos-related disease could be reduced. Includes details of where to go for further advice. |
| 650 ## - SUBJECT ADDED ENTRY--TOPICAL TERM | |
| Topical term or geographic name entry element | MANAGEMENT-HEALTH AND SAFETY-HAZARDOUS SUBSTANCES-ASBESTOS |
| 650 ## - SUBJECT ADDED ENTRY--TOPICAL TERM | |
| Topical term or geographic name entry element | SAFETY |
| 690 ## - LOCAL SUBJECT ADDED ENTRY--TOPICAL TERM (OCLC, RLIN) | |
| Topical term or geographic name as entry element | BUILT ENVIRONMENT-BUILDING STANDARDS |
| 942 ## - ADDED ENTRY ELEMENTS (KOHA) | |
| Suppress in OPAC | 0 |
| Withdrawn status | Lost status | Source of classification or shelving scheme | Damaged status | Not for loan | Home library | Current library | Shelving location | Date acquired | Total Checkouts | Full call number | Barcode | Date last seen | Copy number | Price effective from | Koha item type |
|---|---|---|---|---|---|---|---|---|---|---|---|---|---|---|---|
| Dewey Decimal Classification | London | London | Journal article | 08/11/1999 | ABS61080 | 101625-1001 | 06/08/2019 | 1 | 06/08/2019 | Journal article |